Statistics for How Many Cities Can You Name? (2024 March)

Click here to take the quiz!

General Stats

  • This quiz has been taken 14 times
  • The average score is 11 of 20

Answer Stats

Answer% Correct
London
100%
Los Angeles
100%
Paris
100%
Rome
100%
Dubai
92%
Sydney
92%
Kuala Lumpur
85%
Singapore
85%
Istanbul
77%
Shanghai
62%
Doha
54%
Riyadh
31%
Auckland
23%
Frankfurt
23%
Montreal
15%
Dili
8%
Perth
8%
Port Moresby
8%
Queenstown
8%
Tel Aviv
8%

Score Distribution

Percentile by Number Answered

Percent of People with Each Score

Your Score History

You have not taken this quiz